Statistics for Countries with embassies and consulates in Rwanda

Click here to take the quiz!

General Stats

  • This quiz has been taken 66 times
  • The average score is 25 of 29

Answer Stats

ContinentCountry% Correct
North AmericaUnited States of America
100%
Asia/ EuropeRussia
98%
North AmericaCanada
97%
AsiaChina
95%
AfricaD. R. Congo
95%
EuropeFrance
95%
EuropeGermany
95%
EuropeBelgium
93%
AfricaUganda
93%
AfricaBurundi
91%
Asia/ EuropeTurkey
91%
AfricaEgypt
90%
AfricaKenya
90%
AfricaRepublic of the Congo
90%
AfricaTanzania
90%
AsiaJapan
86%
AfricaSouth Africa
84%
AfricaEthiopia
83%
AfricaSudan
81%
AfricaAlgeria
79%
AfricaNigeria
79%
Europethe Netherlands
78%
EuropeSweden
74%
AfricaLibya
71%
AfricaMorocco
71%
AfricaSomalia
71%
AsiaSouth Korea
71%
EuropeVatican City
66%
EuropeUnited Kingdom
55%

Score Distribution

Percentile by Number Answered

Percent of People with Each Score

Your Score History

You have not taken this quiz